Countries Closest to Panama - Statistics

General Stats
  • This quiz has been taken 950 times
  • The average score is 18 of 20
Answer Stats
km country miles % Correct
0 Colombia 0
99%
0 Costa Rica 0
98%
1093 Mexico 679
97%
445 Venezuela 277
97%
159 Nicaragua 99
96%
568 Honduras 393
95%
1148 Cuba 713
94%
652 Ecuador 405
94%
659 El Salvador 410
94%
855 Peru 531
94%
1084 Brazil 673
93%
880 Guatemala 547
93%
959 Belize 596
92%
927 Jamaica 576
92%
1173 Dominican Republic 729
90%
1084 Haiti 674
90%
906 Aruba
Trinidad and Tobago
563
85%
1380 Bahamas 857
79%
984 Curaçao
Grenada
611
79%
1055 Netherlands
(at Bonaire)
656
39%
No matching quizzes found
Score Distribution
Percent of People with Each Score
Percentile by Number Answered
Your Score History
You have not taken this quiz